Plan de comercialización para la empresa distribuidora Plastinic en la ciudad de Jinotepe departamento de Carazo para el periodo 2010 - 2012

Presenta una propuesta de plan de comercialización para la empresa distribuidora Plastinic que le permita recuperar el segmento de clientes perdidos y atraer otros, incrementando sus niveles de ventas, muestra un estudio de la situación actual de la distribuidora Plastinic, presenta las estrategia...

Full description

Bibliographic Details
Main Author: Medrano García, Lesly Vanessa
Other Authors: Tutor: Caldera Alfaro, Mario José
Format: Tesis Section = Libro
Language:Undetermined
Spanish
Published: Managua UNI 2010
Subjects:
LEADER 01214nam a2200229Ia 4500
008 240830s9999 xx 000 0 und d
040 |a BIBLIOTECA-RUPAP T.Mon 658.8 M492 
041 |a spa 
082 |a T.Mon 658.8 M492 
100 1 |a Medrano García, Lesly Vanessa 
245 1 0 |a Plan de comercialización para la empresa distribuidora Plastinic en la ciudad de Jinotepe departamento de Carazo para el periodo 2010 - 2012 
260 |a Managua  |b UNI  |c 2010 
300 |a 131 p. :il. 
500 |a Contiene: anexos e Incluye: CD. 
502 |a Tesis (Ingeniero de Sistemas)- UNI, 2010. 
520 3 |a Presenta una propuesta de plan de comercialización para la empresa distribuidora Plastinic que le permita recuperar el segmento de clientes perdidos y atraer otros, incrementando sus niveles de ventas, muestra un estudio de la situación actual de la distribuidora Plastinic, presenta las estrategias de comercialización y establece un plan operativo que facilita la empresa llevar a cabo las estrategias de comercialización. 
650 7 |a MERCADEO - INDUSTRIAS PLASTICAS 
650 7 |b ANÁLISIS DE MERCADO 
700 1 |a Tutor:  |b Caldera Alfaro, Mario José 
942 |c BK  |2 ddc 
991 |a TESIS 
999 |c 18718